000 00760nam a2200241 a 4500
001 000048893
003 DO-SdBNP
005 20230302103741.0
007 ta
008 190425s2016 dr 000 p spa d
020 _a9789945087444
040 _aDO-SdBNP
_bspa
_cBNPHU
082 4 _bJ61t
_222
_axxx
100 1 _aJiménez Polanco, Arsenio,
_d1936-
_976330
245 1 0 _aEn tres tiempos :
_bmemoria poética /
_cArsenio Jiménez Polanco ; prólogo Ramón Saba.
260 _aSanto Domingo :
_bNelson Soto Impresora,
_c2016.
300 _a334 p. ;
_c23 cm.
500 _aIncluye datos biográficos del autor en la solapa de la cubierta
590 _aInventariado, 2019/LP
700 1 _aSaba, Ramón,
_eprólogo
_971165
910 _aLP
942 _2ddc
_cLBS1
999 _c48381
_d48381